[Event "Champions Challenge 185th"]
[Site "Playchess.com INT"]
[Date "2007.02.10"]
[Round "2.2"]
[White "Oyunborol, Erdenechuluun"]
[Black "Bryzgalin, Kirill"]
[Result "1/2-1/2"]
[WhiteElo "2607"]
[BlackElo "2474"]
[PlyCount "96"]
[EventDate "2007.02.10"]
[EventType "k.o. (blitz)"]
[EventRounds "5"]
[EventCountry "GER"]
[SourceTitle "EXT 2008"]
[Source "ChessBase"]
[SourceDate "2007.11.25"]
[SourceVersion "1"]
[SourceVersionDate "2007.11.25"]
[SourceQuality "1"]

1. e4 e5 2. Nf3 Nc6 3. d4 exd4 4. Nxd4 Nf6 5. Nc3 Bb4 6. Nxc6 bxc6 7. Bd3 d5 8. exd5 cxd5 9. 0-0 0-0 10. h3 Rb8 11. Bg5 Be7 12. Re1 Be6 13. Nb5 c5 14. Bf4 Rb7 15. a4 a6 16. Nc3 c4 17. Bf1 Rxb2 18. Be5 Rb4 19. Qd2 Bc5 20. a5 Rb7 21. Qf4 Ne8 22. Rad1 Rd7 23. Ra1 Be7 24. Ne2 Bg5 25. Qg3 Bh4 26. Qf4 Nd6 27. g3 Bg5 28. Qd4 Rb7 29. Bg2 Nb5 30. Qd1 Re7 31. Nd4 Nxd4 32. Qxd4 f6 33. Bf4 Bxf4 34. Qxf4 Rfe8 35. Qd4 Bf7 36. Rxe7 Rxe7 37. Rb1 h6 38. Rb6 Re2 39. Qb2 Qd7 40. Rxa6 Qf5 41. Qd4 Rxc2 42. Rd6 c3 43. Bxd5 Bxd5 44. Qxd5+ Qxd5 45. Rxd5 Ra2 46. Rc5 c2 47. Kg2 Kf7 48. a6 Rxa6 1/2-1/2